| 000 | 00455cam a2200193ua 4500 | ||
|---|---|---|---|
| 001 | 4845 | ||
| 008 | 151120n1989 II |||gr||||Z||||||eng | ||
| 040 | _aMAIN | ||
| 041 | _aEnglish | ||
| 082 | _a640 DAS | ||
| 100 | _aDAS, R. R. | ||
| 245 | _aTEACHING OF HOME SCIENCE | ||
| 260 |
_aNEW DELHI _bSTERLING PUBLISHERS _c1989 |
||
| 300 |
_a143: _c22CM. |
||
| 653 | _aHome & family management | ||
| 700 | _aDAS, R. R. | ||
| 700 | _aRAY, BINITA. | ||
| 942 | _cBK | ||
| 999 |
_c4832 _d4832 |
||